1005 1385 1755 1826 1091 1806 1980 1029 1104 1595 1177 1836 1044 1858 1535 1809 1823 1686 1061 1626 1357 1978 1350 1780 1498 1620 1106 1454 1571 1408 1309 1646 1409 1708 1844 1623 1766 1538 1607 1570 1692 1781 1646 1950 1546 1322 1573 1987 1299 1453 1028 1344 1677 1910 1198 1389 1671 1689 1405 1533 1996 1806 1823 1551 1487 1265 1080 1310 1491 1041 1701 1580 1601 1687 1907 1957 1074 1470 1556 1019 1025 1559 1895 1864 1088 1075 1336 1159 1925 1944 1065 1734 1664 1037 1225 1261 1342 1357 1689 BCNSPRNW ULIB Ver.6.0+V

เปลี่ยนเป็นภาษาไทย

Change to English
 แสดงรายละเอียดบรรณานุกรม
  กลับหน้าหลัก

Brief Record : Get Marc (ISO 2709) : E-mail record : QR code < ปิดหน้าต่าง
LEADER : 00000nam 2200000uu 4500
001    13399128565
003     ULIB
008    230912s2563||||th 000 0 tha d
020    ^a9786164075122
060    ^aWT100^bค125ค
110    ^aคณะทันตแพทยศาสตร์,จุฬาลงกรณ์มหาวิทยาลัย
245    ^aคู่มือดูแลตนเองเพื่อสุขภาพดีมีความสุข ฉบับประชาชน
250    ^aพิมพ์ครั้งที่ 1
260    ^aกรุงเทพฯ :^bสำนักพิมพ์จุฬาลงกรณ์มหาวิทยาลัย,^c2563
300    ^a28 หน้า;^c30 ซม.
650    ^aผู้สูงอายุ-การดูแลสุขภาพ
945    ^p0^l0^i010311
999    ^aประนอม เกษจรัล
รายการนี้ยังไม่มีแท็ก
คุณยังไม่ได้ล็อกอิน คุณสามารถมีกิจกรรมร่วมกับเว็บไซต์ได้ แต่ต้องล็อกอินก่อน ::
  ล็อกอิน

รายการสื่อสารสนเทศ

ลำดับที่ ประเภท เลขเรียก/บาร์โค้ด สถานที่ สถานะ
1. วิทยาศาสตร์การแพทย์ และสุขภาพ
หนังสือสำรอง
สถานะ=หนังสือสำรอง
WT100 ค125ค ฉ.1 
  Barcode: 010311
ห้องสมุดวิทยาเขตสวรรค์ประชารักษ์
►หนังสือทั่วไป
บนชั้น

รายการใกล้เคียง
    หัวเรื่อง [ผู้สูงอายุ-การดูแลสุขภาพ]

BibComment


ยังไม่เคยถูกคอมเมนท์

คอมเมนท์ทรัพยากรรายการนี้
  คอมเมนท์: คู่มือดูแลตนเองเ..


 Copyright 2026. Bcnsprnw @Library